THE GOOD EARTH (Record no. 216312)

MARC details
000 -LEADER
fixed length control field 00313nam a22001337a 4500
008 - FIXED-LENGTH DATA ELEMENTS--GENERAL INFORMATION
fixed length control field 251128b |||||||| |||| 00| 0 eng d
050 ## - LIBRARY OF CONGRESS CALL NUMBER
Classification number PR 1101.B831963
100 ## - MAIN ENTRY--PERSONAL NAME
Personal name BUCK PEARL
245 ## - TITLE STATEMENT
Title THE GOOD EARTH
260 ## - PUBLICATION, DISTRIBUTION, ETC.
Place of publication, distribution, etc. KENYA
Name of publisher, distributor, etc. LONGMANS
Date of publication, distribution, etc. 1963
300 ## - PHYSICAL DESCRIPTION
Extent X,133
942 ## - ADDED ENTRY ELEMENTS (KOHA)
Source of classification or shelving scheme Library of Congress Classification
Koha item type Long Loan Book
Holdings
Withdrawn status Lost status Source of classification or shelving scheme Damaged status Not for loan Collection Home library Current library Shelving location Date acquired Inventory number Total checkouts Full call number Barcode Date last seen Date last checked out Copy number Price effective from Koha item type
    Library of Congress Classification     Arts & Social Sciences Kisii University Library Kisii University Library On Display 11/28/2025 1469 2 PR 1101.B83 1963 039453 01/19/2026 01/12/2026 C.1 11/28/2025 Long Loan Book